Reasons Not to Move to Country : (Record no. 612428)

MARC details
000 -LEADER
fixed length control field 00474nam a2200181 a 4500
008 - FIXED-LENGTH DATA ELEMENTS--GENERAL INFORMATION
fixed length control field 260214s2008##################000#0#eng##
020 ## - INTERNATIONAL STANDARD BOOK NUMBER
ISBN 9781904977933
082 04 - DEWEY DECIMAL CLASSIFICATION NUMBER
Classification number 307.7209
Item number RUM
100 1# - MAIN ENTRY--AUTHOR NAME
Personal name Rumbold, Judy,
245 10 - TITLE STATEMENT
Title Reasons Not to Move to Country :
260 ## - PUBLICATION, DISTRIBUTION, ETC. (IMPRINT)
Name of publisher Short Books,
Year of publication 2008.
650 #0 - SUBJECT ADDED ENTRY--TOPICAL TERM
Topical Term Country life.
942 ## - ADDED ENTRY ELEMENTS (KOHA)
Koha item type English Books
Holdings
Withdrawn status Lost status Damaged status Not for loan Home library Current library Shelving location Date acquired Full call number Accession Number Price effective from Koha item type
        Anna Centenary Library Anna Centenary Library 3RD FLOOR, B WING 14.02.2026 307.7209 RUM 414612 14.02.2026 English Books

Find us on the map